Geografía del Perú : (Record no. 934)

000 -CABECERA
fixed length control field 01352nam a22002657a 4500
003 - IDENTIFICADOR DEL NÚMERO DE CONTROL
control field AR-CdUCM
008 - DATOS DE LONGITUD FIJA--INFORMACIÓN GENERAL
fixed length control field 190225b ||||| |||| 00| 0 spa d
020 ## - NÚMERO INTERNACIONAL ESTÁNDAR DEL LIBRO
ISBN 9789972674051
040 ## - FUENTE DE LA CATALOGACIÓN
Agencia/entidad que catalogó originalmente la obra MUNICIPALIDAD PROVINCIAL DEL CUSCO
Entidad que transcribió la catalogación BIBLIOTECA MUNICIPAL DEL CUSCO
082 ## - NÚMERO DE LA CLASIFICACIÓN DECIMAL DEWEY
No. de la edición 12ed.
No. de Clasificación 918.5 /
Notacion interna P95
100 ## - ENTRADA PRINCIPAL--NOMBRE DE PERSONA
Nombre Personal Pulgar Vidal, Javier
245 ## - MENCIÓN DE TÍTULO
Título Geografía del Perú :
Resto del título las ocho regiones naturales del Perú /
260 ## - PUBLICACIÓN, DISTRIBUCIÓN, ETC.
Lugar de publicación, distribución, etc. Lima :
Nombre de la editorial, distribuidor, etc. Pontificia Universidad Católica del Perú;
-- Instituto de Ciencias de la Naturaleza, Territorio y Energías Renovables,
Fecha de publicación, distribución, etc. 2014.
300 ## - DESCRIPCIÓN FÍSICA
Nº de Páginas Extensión 262 páginas ;
Dimensiones 28.5 cm.
Otros detalles físicos Ilustraciones, fotografías, Imágenes.
505 ## - NOTA DE CONTENIDO CON FORMATO
Nota de contenido formateada Contenido: Las ocho regiones naturales del Perú -- Los ocho grupos humanos -- Las siete canastas alimentarias -- Las tres selvas del Antisuyo -- La sabiduría ecológica tradicional peruana y las 96 zonas de vida natural -- La regionalización transversal del Perú...
650 ## - PUNTO DE ACCESO ADICIONAL DE MATERIA--TÉRMINO DE MATERIA
Descriptor Geografía - Perú
9 (RLIN) 3610
650 ## - PUNTO DE ACCESO ADICIONAL DE MATERIA--TÉRMINO DE MATERIA
Descriptor Ecosistemas - Perú
9 (RLIN) 3611
650 ## - PUNTO DE ACCESO ADICIONAL DE MATERIA--TÉRMINO DE MATERIA
Descriptor Ecología - Perú
9 (RLIN) 3612
650 ## - PUNTO DE ACCESO ADICIONAL DE MATERIA--TÉRMINO DE MATERIA
Descriptor Biodiversidad -- Perú
9 (RLIN) 3613
650 ## - PUNTO DE ACCESO ADICIONAL DE MATERIA--TÉRMINO DE MATERIA
Descriptor Perú - regiones
9 (RLIN) 3614
710 ## - PUNTO DE ACCESO ADICIONAL--NOMBRE DE ENTIDAD CORPORATIVA
Nombre corporativo (En letras Mayúsculas) Pontifica Universidad Católica del Perú
9 (RLIN) 3615
710 ## - PUNTO DE ACCESO ADICIONAL--NOMBRE DE ENTIDAD CORPORATIVA
Nombre corporativo (En letras Mayúsculas) Instituto de Ciencias de la Naturaleza, Territorio y Energías Renovables
9 (RLIN) 3616
942 ## - ELEMENTOS DE PUNTO DE ACCESO ADICIONAL (KOHA)
Fuente de clasificación
Tipo de item Libros-BMC
945 ## - PROCESAMIENTO DE INFORMACIÓN LOCAL (OCLC)
Catalogador lccs
AAAA-MM-DD - Fecha de ingreso o modificacion 2019-02-25
Holdings
Estado de retiro (separado) Fuente de clasificación o esquema de estanterías Estado dañado Ubicación Sala donde se ubica Nombre de la colección Fecha de adquisición o compra Signatura topográfica Código de Barras Última vez visto (Koha) Tipo de ítem (Koha)
No     Sala Humanidades Sala Humanidades Book Cart 2019-02-25 918.5 / P95 SH0000001106 2019-02-25 Libros-BMC

Powered by Koha